000 00603nam a2200193Ia 4500
005 20250423100640.0
008 250422s9999 xx 000 0 und d
020 _a9780471272144
050 _aQA 273 .Y38/
100 _aYates, Roy D.
245 0 _aProbability and stochastic processes : a friendly introduction for electrical and computer engineers
250 _a2nd ed.
260 _aJohn Wiley & Sons
260 _bUSA
260 _c2020
300 _a19 p
650 _aProbability and stochastic processes : a friendly introduction for electrical and computer engineers
942 _cBK
999 _c33942
_d33942